{"text_format":"3","workbook":"xlsx","n_sheets":1,"sheets":["t66"],"read":"whole","date_system":"1900"}

{"sheet":"t66","index":0,"n_rows":205,"n_cols":7,"rows_kept":205,"merged":[[0,0,0,6],[28,0,28,5],[43,0,43,5],[159,0,159,5]]}
["TABELA 66.1 - Estatísticas Agrícolas, Município de Bastos, Estado de São Paulo, 2016/17."]
["ITEM","UNIDADE","N.DE UPAs","MÍNIMO","MÉDIO","MÁXIMO","TOTAL"]
["Distância à sede do município","km",410,0.4,{"v":5.62,"d":"5.6"},{"v":22,"d":"22.0"},"-"]
["Área total","hectare",410,0.2,{"v":38.13,"d":"38.1"},619.7,{"v":15631.85,"d":"15,631.9"}]
["Área com cultura perene","hectare",46,0.1,{"v":18.63,"d":"18.6"},191.6,857.1]
["Área com cultura temporária","hectare",56,0.1,{"v":50.71,"d":"50.7"},536.7,{"v":2839.6,"d":"2,839.6"}]
["Área com pastagem","hectare",318,0.3,{"v":27.93,"d":"27.9"},532.4,{"v":8880.6,"d":"8,880.6"}]
["Área com reflorestamento","hectare",46,0.1,{"v":7.49,"d":"7.5"},58.4,344.4]
["Área com vegetação natural","hectare",158,0.1,{"v":5.42,"d":"5.4"},33.8,855.9]
["Área com vegetação de brejo e várzea","hectare",175,0.1,{"v":2.55,"d":"2.6"},{"v":40,"d":"40.0"},446.7]
["Área em descanso","hectare",15,0.6,{"v":2.93,"d":"2.9"},6.9,43.9]
["Área complementar","hectare",340,0.1,{"v":4.01,"d":"4.0"},{"v":80,"d":"80.0"},{"v":1363.65,"d":"1,363.7"}]
["Área das UPAs com (0, 1] ha","hectare",3,0.2,{"v":0.37,"d":"0.4"},0.6,1.1]
["Área das UPAs com (1, 2] ha","hectare",4,1.8,{"v":1.95,"d":"2.0"},{"v":2,"d":"2.0"},7.8]
["Área das UPAs com (2, 5] ha","hectare",83,2.1,{"v":3.65,"d":"3.7"},{"v":5,"d":"5.0"},{"v":302.95,"d":"303.0"}]
["Área das UPAs com (5, 10] ha","hectare",75,5.1,{"v":7.29,"d":"7.3"},9.9,546.7]
["Área das UPAs com (10, 20] ha","hectare",62,10.1,{"v":14.44,"d":"14.4"},{"v":20,"d":"20.0"},895.5]
["Área das UPAs com (20, 50] ha","hectare",116,20.3,{"v":33.31,"d":"33.3"},49.7,{"v":3864.2,"d":"3,864.2"}]
["Área das UPAs com (50, 100] ha","hectare",36,50.4,{"v":75.05,"d":"75.1"},96.8,{"v":2701.8,"d":"2,701.8"}]
["Área das UPAs com (100, 200] ha","hectare",15,116.9,{"v":139.11,"d":"139.1"},{"v":183,"d":"183.0"},{"v":2086.7,"d":"2,086.7"}]
["Área das UPAs com (200, 500] ha","hectare",13,{"v":201,"d":"201.0"},{"v":270.51,"d":"270.5"},{"v":484,"d":"484.0"},{"v":3516.6,"d":"3,516.6"}]
["Área das UPAs com (500, 1.000] ha","hectare",3,{"v":517,"d":"517.0"},569.5,619.7,{"v":1708.5,"d":"1,708.5"}]
["Área das UPAs com (1.000, 2.000] ha","hectare","-","-","-","-","-"]
["Área das UPAs com (2.000, 5.000] ha","hectare","-","-","-","-","-"]
["Área das UPAs com (5.000, 10.000] ha","hectare","-","-","-","-","-"]
["Área das UPAs acima de 10.000 ha","hectare","-","-","-","-","-"]
["Fonte: Secretaria de Agricultura e Abastecimento, CDRS/IEA, Projeto LUPA."]
[]
["TABELA 66.2 - Explorações Animais, Município de Bastos, Estado de São Paulo, 2016/17."]
["ITEM","UNIDADE","N.DE UPAs","MÍNIMO","MÉDIO","MÁXIMO","TOTAL"]
["Asininos e muares","cabecas",3,{"v":1,"d":"1.0"},{"v":2,"d":"2.0"},{"v":4,"d":"4.0"},{"v":6,"d":"6.0"}]
["Avicultura para ovos","cabecas",97,{"v":4000,"d":"4,000.0"},{"v":136068.97,"d":"136,069.0"},{"v":1156690,"d":"1,156,690.0"},{"v":13198690,"d":"13,198,690.0"}]
["Bovinocultura de corte","cabecas",200,{"v":2,"d":"2.0"},{"v":79.48,"d":"79.5"},{"v":1500,"d":"1,500.0"},{"v":15895,"d":"15,895.0"}]
["Bovinocultura leiteira","cabecas",85,{"v":3,"d":"3.0"},{"v":33.53,"d":"33.5"},{"v":110,"d":"110.0"},{"v":2850,"d":"2,850.0"}]
["Bovinocultura mista","cabecas",10,{"v":4,"d":"4.0"},{"v":37,"d":"37.0"},{"v":94,"d":"94.0"},{"v":370,"d":"370.0"}]
["Codornicultura","cabecas",16,{"v":5000,"d":"5,000.0"},{"v":78592.69,"d":"78,592.7"},{"v":567783,"d":"567,783.0"},{"v":1257483,"d":"1,257,483.0"}]
["Equinocultura","cabecas",85,{"v":1,"d":"1.0"},{"v":3.11,"d":"3.1"},{"v":25,"d":"25.0"},{"v":264,"d":"264.0"}]
["Ovinocultura","cabecas",3,{"v":10,"d":"10.0"},{"v":24.67,"d":"24.7"},{"v":34,"d":"34.0"},{"v":74,"d":"74.0"}]
["Piscicultura","m2 tanques",5,{"v":5500,"d":"5,500.0"},{"v":36900,"d":"36,900.0"},{"v":140000,"d":"140,000.0"},{"v":184500,"d":"184,500.0"}]
["Sericicultura","gramas larvas/ano",11,{"v":160,"d":"160.0"},{"v":2978.18,"d":"2,978.2"},{"v":18080,"d":"18,080.0"},{"v":32760,"d":"32,760.0"}]
["Suinocultura","cabecas",16,{"v":1,"d":"1.0"},{"v":12.25,"d":"12.3"},{"v":40,"d":"40.0"},{"v":196,"d":"196.0"}]
["Fonte: Secretaria de Agricultura e Abastecimento, CDRS/IEA, Projeto LUPA."]
[]
["TABELA 66.3 -  Máquinas, Implementos e Benfeitorias, Município de Bastos, Estado de São Paulo, 2016/17."]
["ITEM","UNIDADE","N.DE UPAs","MÍNIMO","MÉDIO","MÁXIMO","TOTAL"]
["Arado comum (bacia, aiveca)","unidade",76,{"v":1,"d":"1.0"},{"v":1.46,"d":"1.5"},{"v":6,"d":"6.0"},{"v":111,"d":"111.0"}]
["Arado escarificador","unidade",2,{"v":1,"d":"1.0"},2.5,{"v":4,"d":"4.0"},{"v":5,"d":"5.0"}]
["Arado subsolador","unidade",6,{"v":1,"d":"1.0"},1.5,{"v":3,"d":"3.0"},{"v":9,"d":"9.0"}]
["Batedeira de cereais","unidade",5,{"v":1,"d":"1.0"},{"v":1,"d":"1.0"},{"v":1,"d":"1.0"},{"v":5,"d":"5.0"}]
["Carreta de trator","unidade",111,{"v":1,"d":"1.0"},{"v":2.41,"d":"2.4"},{"v":17,"d":"17.0"},{"v":268,"d":"268.0"}]
["Colhedeira acoplada","unidade",14,{"v":1,"d":"1.0"},{"v":2.71,"d":"2.7"},{"v":17,"d":"17.0"},{"v":38,"d":"38.0"}]
["Computador","unidade",42,{"v":1,"d":"1.0"},5.1,{"v":30,"d":"30.0"},{"v":214,"d":"214.0"}]
["Conj.irrigacao convencional","unidade",13,{"v":1,"d":"1.0"},{"v":1.15,"d":"1.2"},{"v":2,"d":"2.0"},{"v":15,"d":"15.0"}]
["Conj.irrigacao/gotejamento/microaspersao","unidade",3,{"v":1,"d":"1.0"},{"v":1,"d":"1.0"},{"v":1,"d":"1.0"},{"v":3,"d":"3.0"}]
["Desintegrador de palha (plantio direto)","unidade",2,{"v":1,"d":"1.0"},{"v":1,"d":"1.0"},{"v":1,"d":"1.0"},{"v":2,"d":"2.0"}]
["Desintegrador, picador, triturador","unidade",60,{"v":1,"d":"1.0"},{"v":1.05,"d":"1.1"},{"v":2,"d":"2.0"},{"v":63,"d":"63.0"}]
["Distribuidor de calcario","unidade",27,{"v":1,"d":"1.0"},{"v":1.26,"d":"1.3"},{"v":2,"d":"2.0"},{"v":34,"d":"34.0"}]
["Embarcação","unidade",3,{"v":1,"d":"1.0"},{"v":1,"d":"1.0"},{"v":1,"d":"1.0"},{"v":3,"d":"3.0"}]
["Ensiladeira","unidade",20,{"v":1,"d":"1.0"},1.1,{"v":2,"d":"2.0"},{"v":22,"d":"22.0"}]
["Grade aradora (tipo romi)","unidade",31,{"v":1,"d":"1.0"},{"v":1.26,"d":"1.3"},{"v":4,"d":"4.0"},{"v":39,"d":"39.0"}]
["Grade niveladora","unidade",81,{"v":1,"d":"1.0"},{"v":1.21,"d":"1.2"},{"v":5,"d":"5.0"},{"v":98,"d":"98.0"}]
["Implementos para tracao animal","unidade",6,{"v":1,"d":"1.0"},{"v":1.67,"d":"1.7"},{"v":3,"d":"3.0"},{"v":10,"d":"10.0"}]
["Maquina de classificar ovo","unidade",39,{"v":1,"d":"1.0"},{"v":1.54,"d":"1.5"},{"v":5,"d":"5.0"},{"v":60,"d":"60.0"}]
["Máquina de minimamente processsados","unidade",2,{"v":5,"d":"5.0"},5.5,{"v":6,"d":"6.0"},{"v":11,"d":"11.0"}]
["Misturador de racao","unidade",50,{"v":1,"d":"1.0"},{"v":1.14,"d":"1.1"},{"v":3,"d":"3.0"},{"v":57,"d":"57.0"}]
["Mmicrotrator","unidade",4,{"v":1,"d":"1.0"},{"v":1,"d":"1.0"},{"v":1,"d":"1.0"},{"v":4,"d":"4.0"}]
["Ordenhadeira mecanica","unidade",28,{"v":1,"d":"1.0"},{"v":1,"d":"1.0"},{"v":1,"d":"1.0"},{"v":28,"d":"28.0"}]
["Pulverizador tratorizado","unidade",85,{"v":1,"d":"1.0"},{"v":1.46,"d":"1.5"},{"v":5,"d":"5.0"},{"v":124,"d":"124.0"}]
["Resfriador de leite, tanque expansao","unidade",28,{"v":1,"d":"1.0"},{"v":1.07,"d":"1.1"},{"v":3,"d":"3.0"},{"v":30,"d":"30.0"}]
["Retroescavadeira","unidade",7,{"v":1,"d":"1.0"},{"v":1,"d":"1.0"},{"v":1,"d":"1.0"},{"v":7,"d":"7.0"}]
["Roçadeira tratorizada","unidade",2,{"v":1,"d":"1.0"},{"v":1,"d":"1.0"},{"v":1,"d":"1.0"},{"v":2,"d":"2.0"}]
["Roçadora","unidade",94,{"v":1,"d":"1.0"},{"v":1.33,"d":"1.3"},{"v":5,"d":"5.0"},{"v":125,"d":"125.0"}]
["Semeadeira/adubadeira para plantio convencional","unidade",23,{"v":1,"d":"1.0"},{"v":1.04,"d":"1.0"},{"v":2,"d":"2.0"},{"v":24,"d":"24.0"}]
["Semeadeira/plantadeira plantio direto","unidade",1,{"v":1,"d":"1.0"},{"v":1,"d":"1.0"},{"v":1,"d":"1.0"},{"v":1,"d":"1.0"}]
["Tecnologias de gps para controle de máquinas","unidade",1,{"v":1,"d":"1.0"},{"v":1,"d":"1.0"},{"v":1,"d":"1.0"},{"v":1,"d":"1.0"}]
["Terraceador","unidade",3,{"v":1,"d":"1.0"},{"v":1,"d":"1.0"},{"v":1,"d":"1.0"},{"v":3,"d":"3.0"}]
["Trator de esteiras","unidade",1,{"v":1,"d":"1.0"},{"v":1,"d":"1.0"},{"v":1,"d":"1.0"},{"v":1,"d":"1.0"}]
["Trator de pneus  acima de 85 cv","unidade",36,{"v":1,"d":"1.0"},{"v":1.94,"d":"1.9"},{"v":11,"d":"11.0"},{"v":70,"d":"70.0"}]
["Trator de pneus até 65 cv","unidade",94,{"v":1,"d":"1.0"},{"v":2.15,"d":"2.2"},{"v":15,"d":"15.0"},{"v":202,"d":"202.0"}]
["Trator de pneus de 66 cv a 85 cv","unidade",78,{"v":1,"d":"1.0"},{"v":1.91,"d":"1.9"},{"v":11,"d":"11.0"},{"v":149,"d":"149.0"}]
["Acude/represa","unidade",57,{"v":1,"d":"1.0"},{"v":2.32,"d":"2.3"},{"v":22,"d":"22.0"},{"v":132,"d":"132.0"}]
["Almoxarifado/oficina","unidade",54,{"v":1,"d":"1.0"},{"v":1.22,"d":"1.2"},{"v":4,"d":"4.0"},{"v":66,"d":"66.0"}]
["Armazem para graos ensacados","sacas",7]
["Balanca para bovinos","unidade",3,{"v":1,"d":"1.0"},{"v":1,"d":"1.0"},{"v":1,"d":"1.0"},{"v":3,"d":"3.0"}]
["Balanca para veiculos","unidade",14,{"v":1,"d":"1.0"},{"v":1,"d":"1.0"},{"v":1,"d":"1.0"},{"v":14,"d":"14.0"}]
["Barracao para bicho da seda/sirgaria","unidade",14,{"v":1,"d":"1.0"},{"v":2.93,"d":"2.9"},{"v":17,"d":"17.0"},{"v":41,"d":"41.0"}]
["Barracao para cultivo de cogumelo","unidade",1,{"v":1,"d":"1.0"},{"v":1,"d":"1.0"},{"v":1,"d":"1.0"},{"v":1,"d":"1.0"}]
["Barracao para granja/avicultura","unidade",120,{"v":2,"d":"2.0"},{"v":31.53,"d":"31.5"},{"v":182,"d":"182.0"},{"v":3783,"d":"3,783.0"}]
["Barracao/galpao/garagem","unidade",143,{"v":1,"d":"1.0"},{"v":1.25,"d":"1.3"},{"v":3,"d":"3.0"},{"v":179,"d":"179.0"}]
["Biodigestor","unidade",1,{"v":2,"d":"2.0"},{"v":2,"d":"2.0"},{"v":2,"d":"2.0"},{"v":2,"d":"2.0"}]
["Casa de moradia habitada","unidade",271,{"v":1,"d":"1.0"},{"v":2.82,"d":"2.8"},{"v":54,"d":"54.0"},{"v":764,"d":"764.0"}]
["Casa de moradia total","unidade",307,{"v":1,"d":"1.0"},{"v":3.09,"d":"3.1"},{"v":55,"d":"55.0"},{"v":950,"d":"950.0"}]
["Curral/mangueira","unidade",142,{"v":1,"d":"1.0"},{"v":1.07,"d":"1.1"},{"v":4,"d":"4.0"},{"v":152,"d":"152.0"}]
["Deposito/tulha","unidade",186,{"v":1,"d":"1.0"},{"v":1.61,"d":"1.6"},{"v":18,"d":"18.0"},{"v":300,"d":"300.0"}]
["Estabulo","unidade",16,{"v":1,"d":"1.0"},{"v":1,"d":"1.0"},{"v":1,"d":"1.0"},{"v":16,"d":"16.0"}]
["Estacao/posto meteorologico","unidade",1,{"v":1,"d":"1.0"},{"v":1,"d":"1.0"},{"v":1,"d":"1.0"},{"v":1,"d":"1.0"}]
["Estufa/plasticultura","m2",4]
["Fabrica de racao","unidade",51,{"v":1,"d":"1.0"},{"v":1,"d":"1.0"},{"v":1,"d":"1.0"},{"v":51,"d":"51.0"}]
["Instalacoes para equinos","unidade",1,{"v":1,"d":"1.0"},{"v":1,"d":"1.0"},{"v":1,"d":"1.0"},{"v":1,"d":"1.0"}]
["Packing house","unidade",24,{"v":1,"d":"1.0"},{"v":1.17,"d":"1.2"},{"v":3,"d":"3.0"},{"v":28,"d":"28.0"}]
["Pocilga","unidade",55,{"v":1,"d":"1.0"},{"v":1.02,"d":"1.0"},{"v":2,"d":"2.0"},{"v":56,"d":"56.0"}]
["Poco semi-artesiano","unidade",185,{"v":1,"d":"1.0"},1.3,{"v":6,"d":"6.0"},{"v":241,"d":"241.0"}]
["Silo para graos","ton",41]
["Silo para silagem","ton",11]
["Terreiro","m2",1]
["Fonte: Secretaria de Agricultura e Abastecimento, CDRS/IEA, Projeto LUPA."]
[]
["TABELA 66.4 - Outras Estatísticas Agrícolas, Município de Bastos, Estado de São Paulo, 2016/17."]
["ITEM","Número de UPAs",null,"Percentual"]
["Faz Parte de Associação de Produtores",39,null,{"v":9.512195121951219,"d":"9.5"}]
["Faz Parte de Cooperativa de Produtores",133,null,{"v":32.4390243902439,"d":"32.4"}]
["Faz Parte do Sindicato de Produtores",104,null,{"v":25.365853658536583,"d":"25.4"}]
["Não utiliza assistência técnica ",278,null,{"v":67.8048780487805,"d":"67.8"}]
["Utiliza somente assistência técnica governamental ",23,null,{"v":5.609756097560975,"d":"5.6"}]
["Utiliza somente assistência técnica privada ",85,null,{"v":20.73170731707317,"d":"20.7"}]
["Utiliza assistência técnica tanto governamental quanto privada",24,null,{"v":5.853658536585367,"d":"5.9"}]
["Utiliza Crédito Rural",118,null,{"v":28.78048780487805,"d":"28.8"}]
["Utiliza Seguro Rural",68,null,{"v":16.585365853658537,"d":"16.6"}]
["Utiliza Escrituração Agrícola",118,null,{"v":28.78048780487805,"d":"28.8"}]
["Acessa Internet p/ Fins na Agropecuária",104,null,{"v":25.365853658536583,"d":"25.4"}]
["Utiliza Computador nas Atividades Agropecuárias",109,null,{"v":26.585365853658537,"d":"26.6"}]
["Utiliza Energia Elétrica Para Uso na Atividade Agrícola",359,null,{"v":87.5609756097561,"d":"87.6"}]
["Utiliza Energia Alternativa",5,null,{"v":1.2195121951219512,"d":"1.2"}]
["Realiza Análise de Solo, quando necessário",114,null,{"v":27.804878048780488,"d":"27.8"}]
["Realiza Calagem",102,null,{"v":24.878048780487802,"d":"24.9"}]
["Utiliza Práticas de Conservação de Solo, quando necessário",290,null,{"v":70.73170731707317,"d":"70.7"}]
["Faz Adubação Mineral, quando necessário",93,null,{"v":22.682926829268293,"d":"22.7"}]
["Faz Adubação Orgânica, quando necessário",112,null,{"v":27.317073170731707,"d":"27.3"}]
["Faz Adubação Verde, quando necessário",30,null,{"v":7.317073170731708,"d":"7.3"}]
["Utiliza Manejo Integrado de Pragas (MIP)","-",null,"-"]
["Utiliza Hidroponia","-",null,"-"]
["Utiliza Cultivo em Estufa",4,null,{"v":0.9756097560975611,"d":"1.0"}]
["Utiliza Mudas Fiscalizadas",8,null,{"v":1.9512195121951221,"d":"2.0"}]
["Utiliza Semente Melhorada",30,null,{"v":7.317073170731708,"d":"7.3"}]
["Faz Confinamento de Bovinos",16,null,{"v":3.9024390243902443,"d":"3.9"}]
["Utiliza Pastejo Intensivo",26,null,{"v":6.341463414634147,"d":"6.3"}]
["Faz Inseminação Artificial",24,null,{"v":5.853658536585367,"d":"5.9"}]
["Faz Mineralização do Rebanho",268,null,{"v":65.36585365853658,"d":"65.4"}]
["Faz Vermifugação do Rebanho",270,null,{"v":65.85365853658537,"d":"65.9"}]
["Possui Parceiros /Arrendatários na Exploração Animal",138,null,{"v":33.65853658536585,"d":"33.7"}]
["Existência de trabalhadores c/ deficiência na UPA",2,null,{"v":0.48780487804878053,"d":"0.5"}]
["Esporte e lazer",5,null,{"v":1.2195121951219512,"d":"1.2"}]
["Extração mineral","-",null,"-"]
["Hotel Fazenda, Pousada ou SPA",1,null,{"v":0.24390243902439027,"d":"0.2"}]
["Pesque-pague",2,null,{"v":0.48780487804878053,"d":"0.5"}]
["Restaurante ou Lanchonete",1,null,{"v":0.24390243902439027,"d":"0.2"}]
["Transformação artesanal","-",null,"-"]
["Turismo rural ou ecoturismo","-",null,"-"]
["Outras atividades econômicas rurais",9,null,{"v":2.195121951219512,"d":"2.2"}]
["Agroindústria",1,null,{"v":0.24390243902439027,"d":"0.2"}]
["Proprietário sem instrução ou com instrução incompleta",11,null,{"v":2.682926829268293,"d":"2.7"}]
["Proprietário com antigo primário completo",55,null,{"v":13.414634146341465,"d":"13.4"}]
["Proprietário com 1° grau (ou antigo ginasial) completo",70,null,{"v":17.073170731707318,"d":"17.1"}]
["Proprietário com 2° grau (ou antigo colegial) completo",154,null,{"v":37.5609756097561,"d":"37.6"}]
["Proprietário com curso superior completo ",94,null,{"v":22.926829268292682,"d":"22.9"}]
["Pessoa Jurídica",26,null,{"v":6.341463414634147,"d":"6.3"}]
["Proprietário residente na própria UPA ",141,null,{"v":34.390243902439025,"d":"34.4"}]
["Fonte: Secretaria de Agricultura e Abastecimento, CDRS/IEA, Projeto LUPA."]
[]
["TABELA 66.5 - Área Cultivada, Município de Bastos, Estado de São Paulo, 2016/17."]
["CULTURA","N.DE UPAs","MÍNIMO","MÉDIO","MÁXIMO","TOTAL"]
["Braquiaria",305,0.3,{"v":28.04,"d":"28.0"},{"v":503,"d":"503.0"},{"v":8552.8,"d":"8,552.8"}]
["Cana-de-acucar finalidade industria",28,10.5,{"v":97.78,"d":"97.8"},536.7,{"v":2737.9,"d":"2,737.9"}]
["Amora (ou amora-branca)",14,{"v":2,"d":"2.0"},{"v":35.21,"d":"35.2"},191.6,{"v":493,"d":"493.0"}]
["Eucalipto",45,0.1,{"v":7.45,"d":"7.5"},58.4,335.4]
["Coloniao",12,1.4,{"v":21.67,"d":"21.7"},{"v":200,"d":"200.0"},{"v":260,"d":"260.0"}]
["Seringueira",14,3.2,{"v":12.26,"d":"12.3"},34.4,171.6]
["Lichia",3,1.4,{"v":27.47,"d":"27.5"},{"v":79,"d":"79.0"},82.4]
["Gramas",11,0.5,{"v":5.38,"d":"5.4"},25.5,59.2]
["Milho-silagem",4,2.4,13.1,{"v":38,"d":"38.0"},52.4]
["Manga",3,6.6,{"v":16.87,"d":"16.9"},{"v":32,"d":"32.0"},50.6]
["Milho safra",3,{"v":1,"d":"1.0"},{"v":8.67,"d":"8.7"},{"v":20,"d":"20.0"},{"v":26,"d":"26.0"}]
["Abacate",4,2.4,{"v":6.15,"d":"6.2"},{"v":9,"d":"9.0"},24.6]
["Cana-de-acucar outras finalidades",11,0.1,{"v":1.37,"d":"1.4"},4.5,15.1]
["Tangerina",1,12.1,12.1,12.1,12.1]
["Abobora (ou jerimum)",2,0.4,5.4,10.4,10.8]
["Cafe",1,{"v":10,"d":"10.0"},{"v":10,"d":"10.0"},{"v":10,"d":"10.0"},{"v":10,"d":"10.0"}]
["Pinus",1,{"v":9,"d":"9.0"},{"v":9,"d":"9.0"},{"v":9,"d":"9.0"},{"v":9,"d":"9.0"}]
["Capim-napier (ou capim-elefante)",2,3.6,4.3,{"v":5,"d":"5.0"},8.6]
["Laranja Mercado",1,7.2,7.2,7.2,7.2]
["Pomar domestico",8,0.1,0.5,1.4,{"v":4,"d":"4.0"}]
["Outras culturas temporárias",1,3.5,3.5,3.5,3.5]
["Batata-doce",2,0.5,{"v":1.75,"d":"1.8"},{"v":3,"d":"3.0"},3.5]
["Alface",5,0.2,{"v":0.48,"d":"0.5"},0.8,2.4]
["Outras olericolas",4,0.2,0.5,{"v":1,"d":"1.0"},{"v":2,"d":"2.0"}]
["Berinjela",2,0.1,{"v":0.45,"d":"0.5"},0.8,0.9]
["Mandioca",1,0.7,0.7,0.7,0.7]
["Couve (ou couve-crespa)",2,0.3,{"v":0.35,"d":"0.4"},0.4,0.7]
["Acelga",2,0.3,{"v":0.35,"d":"0.4"},0.4,0.7]
["Banana",1,0.7,0.7,0.7,0.7]
["Couve-flor",4,0.1,{"v":0.18,"d":"0.2"},0.3,0.7]
["Tomate envarado",2,0.1,0.3,0.5,0.6]
["Pepino",2,0.1,0.3,0.5,0.6]
["Repolho",3,0.2,0.2,0.2,0.6]
["Caqui",1,0.4,0.4,0.4,0.4]
["Brocolos (ou brocolis)",2,0.1,{"v":0.15,"d":"0.2"},0.2,0.3]
["Anona (fruta-do-conde, ou pinha, ou atemoia)",2,0.1,{"v":0.15,"d":"0.2"},0.2,0.3]
["Horta domestica",2,0.1,{"v":0.15,"d":"0.2"},0.2,0.3]
["Cebola",1,0.2,0.2,0.2,0.2]
["Outras frutiferas",1,0.1,0.1,0.1,0.1]
["Cenoura",1,0.1,0.1,0.1,0.1]
["Cebolinha",1,0.1,0.1,0.1,0.1]
["Maca",1,0.1,0.1,0.1,0.1]
["Inhame",1,0.1,0.1,0.1,0.1]
["Fonte: Secretaria de Agricultura e Abastecimento, CDRS/IEA, Projeto LUPA."]